NFL teams all time tight ends - Statistics

General Stats
  • This quiz has been taken 28 times
  • The average score is 16 of 34
Answer Stats
Hint Answer % Correct
patriots rob gronkowski
92%
Chiefs Travis kelce
83%
Chargers antonio gates
79%
Chiefs tony gonzalez
79%
49ers george kittle
71%
saints jimmy graham
67%
ravens mark Andrews
67%
browns ozzie newsome
63%
bears mike ditka
58%
brocnos shannon sharpe
58%
Colts dallas Clark
54%
cowboys jason witten
54%
49ers brent jones
50%
panthers greg olsen
50%
cardinals jackie smith
50%
redskins jerry smith
50%
chargers kellen winslow
50%
Eagles zach ertz
46%
raiders darren waller
42%
giants mark bavaro
42%
Titans frank wycheck
38%
steelers heath miller
38%
Colts john Mackey
38%
Raiders dave Casper
33%
giants Jeremy Shockey
33%
Titans delanie walker
29%
Jags marcedes lewis
29%
ravens todd heap
29%
Patriots ben coates
21%
Texans owen Daniels
21%
49ers vernon davis
17%
lions charlie sanders
13%
vikings steve Jordan
13%
raiders Todd Christiansen
13%
No matching quizzes found
Score Distribution
Percent of People with Each Score
Percentile by Number Answered
Your Score History
You have not taken this quiz